00306 a2200133 450000100060000002000180000604000260002410000210005024000270007124500250009830000090012336200090013265000310014148280 a9788508047369 cAnchieta - Bela Vista aIacocca, Michele10aSerafina sem rotina l10aSerafina sem rotina  a48p.0 a1999 4aLiteratura infanto-juvenil